000 01331nam a22003617a 4500
003 CHAP
005 20220329143128.0
008 010920d2001 mx r 00110 spa d
010 _a92368
011 _a93340
035 _a103912
040 _cCHAP
090 _aTesis
100 0 0 _aRamírez Ramírez, Sweetia Paulina.
_994207
245 1 0 _aAtmósferas modificadas y frigoconservación de frutos de Hylocereus undatus Haw
_c/por Sweetia Paulina Ramírez Ramírez
260 _aChapingo, Méx. :
_bEl autor,
_c2006.
300 _a109 h. ;
_bgráfs.
502 _aTesis (Dr. en Ciencias en Horticultura) -- UACH. Departamento de Fitotecnia
590 _aALEPH
_b10
_c20130110
_lUCH01
_h1512
590 _aBATCH-UPD
_b10
_c20130110
_lUCH01
_h0503
590 _aBATCH-UPD
_b10
_c20130410
_lUCH01
_h0141
590 _aBATCH-UPD
_b10
_c20130914
_lUCH01
_h1437
590 _aCONVERSION
_b10
_c20130109
_lUCH01
_h1351
650 1 4 _aFrigoríficos.
_943317
650 1 4 _aFruta
_xConservación por frío.
_943603
650 1 4 _aHylocereus undatus.
_957088
650 1 4 _aPlásticos en agricultura.
_989199
901 _aBK
905 _aAlejandra Carrasco M.
942 _cFOLL
949 _aTesis
_bBC
_cTES
_d00000001039121
_eTS1
_gDonaciØn
_h45369
_i103912
_sb
949 _aTesis
_bBC
_cTES
_d33724000992038
_eTS2
_fc.2
_gDonaciØn
_h45370
_i103912
_si
999 _c92368
_d92368